000 00907cab a2200277 4500
001 ABS47910
008 090401t1993 xxu||||| |||| 00| 0 eng d
035 _a(Sirsi) u64011
041 _aeng
100 _aNorris, S.
245 _aRetail impact assessment - the future?
260 _c1993
350 _a0
490 _aEstates Gazette
_v(9304) 30 January 1993, 84-88 (3)
520 _aSuggests a broader approach to impact assessment of retail development and more attention to `qualitative` evidence rather than `quantitative`.
650 _aIMPACT ASSESSMENTS
650 _aOUT-OF-TOWN SHOPPING
650 _aPLANNING POLICY GUIDANCE NOTE SIX
650 _aREGIONAL SHOPPING CENTRES
650 _aRETAIL IMPACT ASSESSMENT
690 _aPROPERTY-COMMERCIAL PROPERTY-RETAIL PROPERTY
690 _aPLANNING LAW AND PRACTICE
700 _aJones, P.
942 _n0
948 _c04/03/1997
999 _c39838
_d39838